000 00864cam a22002653a 4500
001 499
003 PGUSA
005 20140828082949.0
008 960401s1996||||xxu|||||s|||||000 1 eng d
040 _aPGUSA
_beng
042 _adc
050 4 _aPZ
100 1 _aAppleton, Victor
245 1 0 _aTom Swift in the Land of Wonders; Or, The Underground Search for the Idol of Gold
_h[electronic resource] /
_cVictor Appleton
260 _bProject Gutenberg,
_c1996
506 _aPublic domain in the USA.
516 _aElectronic text
653 _aAdventure and adventurers -- Juvenile fiction
653 _aHonduras -- Juvenile fiction
653 _aSwift, Tom (Fictitious character) -- Juvenile fiction
653 _aExtinct cities -- Juvenile fiction
830 0 _aProject Gutenberg
_v499
856 4 0 _uhttp://www.gutenberg.org/ebooks/499
942 _cEB
999 _c229850
_d229850